Formas de provincias de Argentina - Estadísticas

Estadísticas generales
  • Esta prueba ha sido intentada 332 veces
  • La puntuación promedio es 19 de 23
Estadísticas de respuestas
Imagen Respuesta % Correcto
Jujuy
96%
Buenos Aires
95%
Chubut
92%
Córdoba
92%
Tierra del Fuego
90%
San Luis
89%
Misiones
88%
Santa Cruz
88%
Santa Fe
88%
Chaco
86%
La Pampa
86%
Salta
86%
Formosa
85%
La Rioja
83%
Tucumán
81%
Corrientes
78%
Mendoza
77%
San Juan
76%
Santiago del Estero
76%
Entre Ríos
74%
Río Negro
73%
Catamarca
71%
Neuquén
69%
No se encontraron pruebas coincidentes
Distribución de puntuación
Porcentaje de gente con cada puntuación
Porcentaje por número respondido
Historial de tus puntuaciones
No has intentado esta prueba.